书目信息 |
| 题名: |
上海的故事
|
|
| 作者: | ;上海人民出版社 编辑 | |
| 分册: | 第三册 | |
| 出版信息: | 上海 编者 1979 |
|
| 页数: | 99页 | |
| 开本: | 19cm | |
| 丛书名: | ||
| 单 册: | ||
| 中图分类: | D642 | |
| 科图分类: | ||
| 主题词: | 阶级教育--学习参考资料 | |
| 电子资源: | ||
| ISBN: | ||
| 000 | 00618nam0 2200229 45 | |
| 001 | 0179000528 | |
| 005 | 20040401142630.5 | |
| 010 | @dCNY0.22 | |
| 091 | @a4074.409 | |
| 100 | @a19950720d1979 em y0chiy0121 ea | |
| 101 | 0 | @achi |
| 102 | @aCN@b310000 | |
| 105 | @af z 000yy | |
| 106 | @ar | |
| 200 | 10 | @a上海的故事@Ashang hai de gu shi@h第三册@f上海人民出版社编辑 |
| 210 | @a上海@c编者@d1979 | |
| 215 | @a99页@c照片@d19cm | |
| 606 | @a阶级教育@x学习参考资料 | |
| 690 | @aD642@v3 | |
| 711 | 02 | @a上海人民出版社@Ashang hai ren min chu ban she@4编辑 |
| 801 | 0 | @aCN@bNLC@c20040401 |
| 905 | @f1@b18816@dD642@e2:3 | |
| 上海的故事.第三册/上海人民出版社编辑.-上海:编者,1979 |
| 99页:照片;19cm |
| ISBN :CNY0.22 |
| ● |
| 相关链接 |
|
|
|
|
正题名:上海的故事
索取号:D642/2:3
 
预约/预借
| 序号 | 登录号 | 条形码 | 馆藏地/架位号 | 状态 | 备注 |
| 1 | 0018816 | 001926937 | 第一样本阅览室/ [索取号:D642/2:3] | 在馆 |